<?xml version="1.0" encoding="UTF-8"?><?xml-stylesheet type="text/xsl" href="static/style.xsl"?><OAI-PMH xmlns="http://www.openarchives.org/OAI/2.0/" xmlns:xsi="http://www.w3.org/2001/XMLSchema-instance" xsi:schemaLocation="http://www.openarchives.org/OAI/2.0/ http://www.openarchives.org/OAI/2.0/OAI-PMH.xsd"><responseDate>2026-04-17T15:05:48Z</responseDate><request verb="GetRecord" identifier="oai:www.recercat.cat:10230/32784" metadataPrefix="marc">https://recercat.cat/oai/request</request><GetRecord><record><header><identifier>oai:recercat.cat:10230/32784</identifier><datestamp>2025-12-19T20:28:57Z</datestamp><setSpec>com_2072_6</setSpec><setSpec>col_2072_452954</setSpec></header><metadata><record xmlns="http://www.loc.gov/MARC21/slim" xmlns:dcterms="http://purl.org/dc/terms/" xmlns:xsi="http://www.w3.org/2001/XMLSchema-instance" xmlns:doc="http://www.lyncode.com/xoai" xsi:schemaLocation="http://www.loc.gov/MARC21/slim http://www.loc.gov/standards/marcxml/schema/MARC21slim.xsd">
   <leader>00925njm 22002777a 4500</leader>
   <datafield ind2=" " ind1=" " tag="042">
      <subfield code="a">dc</subfield>
   </datafield>
   <datafield ind2=" " ind1=" " tag="720">
      <subfield code="a">Redondo Ariza, Cristina</subfield>
      <subfield code="e">author</subfield>
   </datafield>
   <datafield ind2=" " ind1=" " tag="260">
      <subfield code="c">2017-09-25T11:33:51Z</subfield>
   </datafield>
   <datafield ind2=" " ind1=" " tag="260">
      <subfield code="c">2017-09-25T11:33:51Z</subfield>
   </datafield>
   <datafield ind2=" " ind1=" " tag="260">
      <subfield code="c">2017-09-25</subfield>
   </datafield>
   <datafield ind2=" " ind1=" " tag="520">
      <subfield code="a">Tutoria: Sandra Arco</subfield>
   </datafield>
   <datafield ind2=" " ind1=" " tag="520">
      <subfield code="a">El pla de cures estandarditzat, es defineix com un pla de cures unificat per a un grup de persones que presenten situacions comuns. En aquest document, s’ha dut a terme l’elaboració d’un PCE per a pacients amb càncer de colon, portadors de colostomia, donat que actualment el càncer de colon es troba amb una incidència elevada i tenint en compte que el principal tractament és la cirurgia amb la conseqüència de ser portadors de colostomia.&#xd;
Les persones ostomitzades presenten una sèrie d’alteracions a les tres esferes, Bio-psico-social i per adaptar-se a la nova situació i poder fer una autocura d’ell mateix per a poder dur a terme les ABVD amb normalitat, prèviament haurà de rebre una educació sanitària adequada, basada en el model de Gagne per part del professional d’infermeria. Una estratègia, per tant, és l’elaboració d’un pla de cures estandarditzat, recolzat per NANDA i basat en la valoració del model de Virginia Henderson, que permetrà actuar sobre les cures i sobre l’educació sanitària per tal d’adquirir la major autonomia del pacient.</subfield>
   </datafield>
   <datafield tag="653" ind2=" " ind1=" ">
      <subfield code="a">Colostomia</subfield>
   </datafield>
   <datafield tag="653" ind2=" " ind1=" ">
      <subfield code="a">Pla de cures estandarditzat</subfield>
   </datafield>
   <datafield ind2="0" ind1="0" tag="245">
      <subfield code="a">Pla de cures estandarditzat en paciens oncològics amb colostomia</subfield>
   </datafield>
</record></metadata></record></GetRecord></OAI-PMH>